00336pab a2200133 454500008004000000100002000040245004900060260000900109300001300118362000800131650003100139650001600170773001600186180718b2009 xxu||||| |||| 00| 0 eng d aPerumal, V.M.S. aFood security and public distribution system c2009 ap.28-29. aSep aPublic distribution system aFood supply aKurukshetra